| 000 | 01796cam a2200337 a 4500 | ||
|---|---|---|---|
| 001 | 16080341 | ||
| 005 | 20100603083549.0 | ||
| 008 | 100202s2010 maua b 001 0 eng | ||
| 010 | _a 2010004354 | ||
| 020 | _a0123744865 (alk. paper) | ||
| 020 | _a9780123744869 (alk. paper) | ||
| 035 | _a(OCoLC)ocn230208357 | ||
| 040 |
_aDLC _cDLC _dYDX _dYDXCP _dDLC |
||
| 050 | 0 | 0 |
_aTK7882.P3 _bI65 2010 |
| 082 | 0 | 0 |
_a006.4 _222 _bINT |
| 245 | 0 | 0 |
_aIntroduction to Pattern Recognition : _bA MATLAB Approach / _cSergios Theodoridis ... [et al.]. |
| 260 |
_aBurlington, MA : _bAcademic Press, 2010 _cc2010. |
||
| 300 |
_ax, 219 p. : _bill. ; _c24 cm. |
||
| 504 | _aIncludes bibliographical references (p.p. 215-216) and index. | ||
| 505 | 0 | _aClassifiers based on Bayes decision theory -- Classifiers based on cost function optimization -- Data transformation : feature generation and dimensionality reduction -- Feature selection -- Template matching -- Hidden Markov models -- Clustering -- Appendix. | |
| 630 | 0 | 0 |
_aMATLAB. _923322 |
| 650 | 0 |
_aPattern recognition systems. _923323 |
|
| 650 | 0 |
_aPattern recognition systems _xMathematics. _923324 |
|
| 650 | 0 |
_aNumerical analysis. _923325 |
|
| 653 |
_bCS _cApril2011 |
||
| 700 | 1 |
_aTheodoridis, Sergios, _d1951- _tPattern recognition. _923326 |
|
| 942 |
_2ddc _cBB |
||
| 999 |
_c15177 _d15177 |
||